Online
Catalog

Juan Montalvo / (Record no. 15883)

MARC details
000 -CABECERA
campo de control de longitud fija 00754cam a22001811 4500
001 - NÚMERO DE CONTROL
campo de control 000016348
005 - FECHA Y HORA DE LA ÚLTIMA TRANSACCIÓN
campo de control 20200929164401.0
008 - DATOS DE LONGITUD FIJA--INFORMACIÓN GENERAL
campo de control de longitud fija 771005s1960 mx 000 0bspa d
040 ## - FUENTE DE LA CATALOGACIÓN
Centro catalogador/agencia de origen DO-SdBNP
Lengua de catalogación spa
Centro/agencia transcriptor BNPHU
100 1# - ENTRADA PRINCIPAL--NOMBRE DE PERSONA
Nombre de persona Montalvo, Juan,
Fechas asociadas al nombre 1832-1889.
9 (RLIN) 16611
245 10 - MENCIÓN DE TÍTULO
Título Juan Montalvo /
Mención de responsabilidad, etc. estudios y selecciones de Gonzalo Zaldumbide.
260 ## - PUBLICACIÓN, DISTRIBUCIÓN, ETC.
Lugar de publicación, distribución, etc. Puebla, México :
Nombre del editor, distribuidor, etc. J. M. Cajica,
Fecha de publicación, distribución, etc. 1960.
300 ## - DESCRIPCIÓN FÍSICA
Extensión 578 p. ;
Dimensiones 22 cm.
490 0# - MENCIÓN DE SERIE
Mención de serie Biblioteca ecuatoriana mínima. La colonia y la república.
500 ## - NOTA GENERAL
Nota general A cabeza de tít.: Publicación auspiciada por la Secretaría General de la Undécima Conferencia Interamericana, Quito, Ecuador, 1960
600 14 - PUNTO DE ACCESO ADICIONAL DE MATERIA--NOMBRE DE PERSONA
Nombre de persona MONTALVO, JUAN,
Fechas asociadas al nombre 1832-1889
9 (RLIN) 16611
700 1# - PUNTO DE ACCESO ADICIONAL--NOMBRE DE PERSONA
Nombre de persona Zaldumbide, Gonzalo,
Fechas asociadas al nombre 1885-1965,
Término indicativo de función/relación sel.
9 (RLIN) 36455
Holdings
Estado de retiro Estado de pérdida Restricciones de uso No para préstamo Código de colección Localización permanente Ubicación/localización actual Ubicación en estantería Fecha de adquisición Número de inventario Total de préstamos Signatura topográfica completa Código de barras Fecha visto por última vez Precio válido a partir de Tipo de ítem Koha
      Excluido de préstamo Monografías: Libros y Folletos General General En catalogación 03.03.2010 LF1   16348-10 25.06.2020 25.06.2020 No se presta

Powered by Koha